1060 ejercicios y juegos de natación

Bewaard in:
Bibliografische gegevens
Hoofdauteurs: Lanuza Arús, Francesc de (Auteur), Torres Beltrán, Antonio (Auteur)
Formaat: Boek
Taal:Spaans
Gepubliceerd in: Barcelona Paidotribo 2006
Editie:10a. ed
Reeks:Colección Deporte
Onderwerpen:
Tags: Voeg label toe
Geen labels, Wees de eerste die dit record labelt!

MARC

LEADER 00000nam a2200000 a 4500
001 UCG3089
003 CL-VaPUC
008 100812e20060000SP |||||||||||||||||spa|d
020 |a 8486475287 
082 0 4 |a 797.21  |b LAN  |2 21 
100 |a Lanuza Arús, Francesc de  |e author  |9 551929 
700 0 |a Torres Beltrán, Antonio  |e author  |9 551930 
245 1 0 |a 1060 ejercicios y juegos de natación 
250 |a 10a. ed 
300 |a 419 p 
942 |c BK 
945 |d 20100812 00:00:00  |a dcastane 
260 |a Barcelona  |b Paidotribo  |c 2006 
650 0 |a Natación  |9 307454 
650 7 |a DEPORTES ACUATICOS  |2 CL-VaPUC  |9 262007 
583 |a last modification  |c 20100812 00:00:00  |k Rodrigo Vera 
490 0 |a Colección Deporte 
999 |c 342187  |d 342185 
952 |0 0  |1 0  |4 0  |6 797_210000000000000_LAN_2006  |7 0  |8 C  |9 438237  |a BIBCUR  |b BIBCUR  |d 2019-11-22  |i 4702174  |o 797.21 LAN 2006  |p 4702174  |r 2025-04-22  |w 2019-11-22  |y BK  |k DEN